Χώρες της Ασίας σε Άδειο Χάρτη - Statistics

General Stats
  • This quiz has been taken 425 times
    421 since last reset
  • The average score is 41 of 48
Answers on the Map
Answers color-coded by a green-red scale on the quiz's map according to % correct below.
 
Answer Stats
Χώρα % Correct
Ινδία
97%
Κίνα
97%
Τουρκία
96%
Αφγανιστάν
94%
Ιαπωνία
94%
Ιράν
94%
Μογγολία
94%
Πακιστάν
94%
Ιράκ
93%
Ινδονησία
92%
Καζακστάν
91%
Νότια Κορέα
91%
Ουζμπεκιστάν
91%
Αρμενία
90%
Βόρεια Κορέα
90%
Νεπάλ
90%
Σαουδική Αραβία
90%
Τατζικιστάν
90%
Υεμένη
89%
Αζερμπαϊτζάν
88%
Γεωργία
88%
Τουρκμενιστάν
87%
Κιργιζία
86%
Ισραήλ
85%
Ομάν
85%
Συρία
85%
Ταϊβάν
85%
Ηνωμένα Αραβικά Εμιράτα
84%
Μαλαισία
84%
Μπαγκλαντές
84%
Ταϊλάνδη
84%
Βιετνάμ
83%
Μπουτάν
83%
Φιλιππίνες
83%
Κατάρ
82%
Λάος
82%
Λίβανος
82%
Σρι Λάνκα
81%
Μιανμάρ
79%
Μπαχρέιν
78%
Μπρουνέι
78%
Σιγκαπούρη
77%
Καμπότζη
75%
Κουβέιτ
75%
Ανατολικό Τιμόρ
74%
Κύπρος
63%
Ιορδανία
59%
Μαλδίβες
44%
No matching quizzes found
Score Distribution
Percent of People with Each Score
Percentile by Number Answered
Your Score History
You have not taken this quiz since the last reset